| 000 | 00445nam a2200157 i 4500 | ||
|---|---|---|---|
| 001 | 82694 | ||
| 003 | ES-MaACL | ||
| 005 | 20230906174721.0 | ||
| 007 | t| | ||
| 008 | 041111s1971 sp ||||1| spa d | ||
| 110 | 2 |
_aInlingua. _bPedagogical Departament. _94702 |
|
| 245 | 1 | 0 |
_aEnglish _b: First Book / _cInlingua. |
| 260 |
_a[Barcelona : _bHerder, _c1971] |
||
| 300 |
_a216 p., 4 lám. : _bil. ; _c21 cm. |
||
| 852 |
_aES-MaACL _jC-47268 _bR.79647 |
||
| 999 |
_c82694 _d82694 |
||